| 000 | 00371nam a2200145Ia 4500 | ||
|---|---|---|---|
| 008 | 231019s9999||||xx |||||||||||||| ||und|| | ||
| 020 | _a9788188901531 | ||
| 082 |
_a242 _bKHA/T |
||
| 100 | _aKhanna, Kumud | ||
| 245 | 0 | _aTextbook of Nutrition and Dietetics | |
| 250 | _a2nd Edition | ||
| 260 |
_aNew Delhi _bElite Publishing House _c2020 |
||
| 300 | _a442p | ||
| 942 | _cBK | ||
| 999 |
_c42109 _d42109 |
||